Feed composition tables for the Philippines : PCARRD book series No. 13/84

में बचाया:
ग्रंथसूची विवरण
स्वरूप: पुस्तक
भाषा:Undetermined
प्रकाशित: Philippine Philippine National Feed Information Center 1984
विषय:
टैग : टैग जोड़ें
कोई टैग नहीं, इस रिकॉर्ड को टैग करने वाले पहले व्यक्ति बनें!
Thư viện lưu trữ: Trung tâm Học liệu Trường Đại học Cần Thơ
LEADER 00577nam a2200193Ia 4500
001 CTU_160566
008 210402s9999 xx 000 0 und d
082 |a 636.084 
082 |b F295 
245 0 |a Feed composition tables for the Philippines : 
245 0 |b PCARRD book series No. 13/84 
260 |a Philippine 
260 |b Philippine National Feed Information Center 
260 |c 1984 
650 |a Feeds,Feeds 
650 |x Composition,Tables,Composition,Tables 
650 |y Philippines 
904 |i Giang 
980 |a Trung tâm Học liệu Trường Đại học Cần Thơ